Nazionali che hanno partecipato agli europei - Morte Improvvisa - Statistics

Statistiche generali
  • Questo quiz è stato fatto 488 volte
  • Il punteggio medio è 19 su 36
Answers on the Grid
Answers color-coded by a green-red scale on the quiz's grid according to % correct below.
Albania
Andorra
Armenia
Austria
Azerbaijan
Belgio
Bielorussia
Bosnia ed Erzegovina
Bulgaria
Cipro
Croazia
Danimarca
Estonia
Fær Øer
Finlandia
Francia
Galles
Georgia
Germania
Gibilterra
Grecia
Inghilterra
Irlanda
Irlanda del Nord
Islanda
Israele
Italia
Kazakistan
Kosovo
Lettonia
Liechtenstein
Lituania
Lussemburgo
Macedonia del Nord
Malta
Moldavia
Montenegro
Norvegia
Paesi Bassi
Polonia
Portogallo
Repubblica Ceca
Romania
Russia
San Marino
Scozia
Serbia
Slovacchia
Slovenia
Spagna
Svezia
Svizzera
Turchia
Ucraina
Ungheria
 
Statistiche sulle risposte
Risposta % Corretto
Grecia
65%
Inghilterra
65%
Francia
64%
Italia
64%
Danimarca
63%
Austria
62%
Polonia
62%
Portogallo
62%
Spagna
62%
Turchia
61%
Belgio
60%
Germania
59%
Croazia
58%
Svizzera
58%
Paesi Bassi
57%
Repubblica Ceca
57%
Russia
55%
Svezia
55%
Ucraina
55%
Serbia
54%
Albania
53%
Galles
52%
Norvegia
52%
Scozia
52%
Ungheria
52%
Romania
51%
Slovenia
51%
Irlanda
50%
Slovacchia
47%
Islanda
45%
Macedonia del Nord
39%
Finlandia
38%
Bulgaria
36%
Irlanda del Nord
35%
Georgia
32%
Lettonia
15%
Nessun quiz corrispondente trovato
Distribuzione punteggi
Percentuale di utenti per punteggio
Percentile per numero di risposta
I tuoi punteggi nel tempo
Non hai fatto questo quiz